000 005550000a22001810004500
003 MACL
005 20151211160134.0
008 151211b xxu||||| |||| 00| 0 eng d
040 _aMACL
_cMACL
041 _aHindi
082 _a741.642
100 _aप्रकाश नारायण नाटाणी
_919977
245 _aभारत के महान क्रांतिकारी
260 _bशिव बुक हाउस
_c2010
350 _a190
650 _aचिल्‍डन बुक
_9314
942 _cHIN
_k741.642
_2ddc
999 _c45467
_d45467